Tablice Rejestracyjne Województwa Opolskiego - Statystyki

Ogólne statystyki
  • Ten quiz został rozwiązany 254 razy
  • Średni wynik to 11 z 12
Statystyki odpowiedzi
Powiat Tablica Rejestracyjna % Poprawnych
brzeski OB
98%
kędzierzyńsko-kozielski OK
98%
Opole OP
98%
opolski OPO
97%
kluczborski OKL
96%
krapkowicki OKR
96%
namysłowski ONA
96%
nyski ONY
96%
strzelecki OST
96%
prudnicki OPR
95%
głubczycki OGL
94%
oleski OOL
84%
Nie znaleziono quizów pasujących do podanych kryteriów
Rozkład punktacji
Procent ludzi z każdym wynikiem
Percentyl według liczby udzielonych odpowiedzi
Twoja historia wyników
Nie rozwiązałeś tego quizu